| 000 | 01128nam a2200313 i 4500 | ||
|---|---|---|---|
| 001 | 176278 | ||
| 003 | ES-MaACL | ||
| 005 | 20251128120438.0 | ||
| 007 | t| | ||
| 008 | 110104s1947 fr ||||1| fre d | ||
| 080 | _a94(4)"1914/1918" | ||
| 080 | _a94(4)"1871/1918" | ||
| 100 | 1 |
_aRenouvin, Pierre. _996236 |
|
| 245 | 1 | 2 |
_aL'époque contemporaine. _nII, _pLa paix armée et la Grande guerre (1871-1919) / _cpar Pierre Renouvin, Edmond Préclin, Georges Hardy. |
| 250 | _a2e éd. | ||
| 260 |
_aParis : _bPresses Universitaires de France, _c1947. |
||
| 300 |
_aXXVIII, 706 p. ; _c19 cm. |
||
| 490 | 1 |
_aClio, introducion aux études historiques ; _v9 |
|
| 500 | _aÍndice. | ||
| 504 | _aBibliografía: p. 651-672. | ||
| 650 | 4 |
_aGuerra mundial, 1914-1918. _913212 |
|
| 650 | 7 |
_aHistoria contemporánea _2embne _913393 |
|
| 651 | 4 |
_aEuropa- _xHistoria- _y1871-1918. _98607 |
|
| 700 | 1 |
_aPréclin, Edmond. _9144553 |
|
| 700 | 1 |
_aHardy, Georges, _d1884-1972 _961829 |
|
| 830 | 1 | 0 |
_aClio, introducion aux études historiques _v9 _9190003 |
| 852 |
_aES-MaACL _jE-13925 _xOlim P-671 |
||
| 999 |
_c176278 _d176278 |
||